One Direction Delux Quiz - Statistics

General Stats
  • This quiz has been taken 887 times
  • The average score is 5 of 15
Answer Stats
Answer % Correct
Do the boys have tumblrs? No
82%
What was Harry's first job? Bakery
66%
What was the song Ed Sheeran co-wrote? Little Things
66%
What leaked song says "lying on the beach as the sun goes down" Rock Me
59%
Who is Zayn's Girlfriend? Perrie Edward
56%
What did Harry say he would name his first daughter? Darcy
45%
Whi is Louis's Girlfriend? Eleanor Calder
43%
What country did Niall say he would like his girlfriend to be from? America
37%
Who created the designs for Take Me Home and Up All Night Zayn Malik
37%
What was the other song co-wrote by Ed Sheeran? Over Again
15%
What is the American division of One Direction's label? Columbia
8%
Who is Liam's Girlfriend? Single
8%
Who Is Harry's Girlfriend? Single
8%
Who is Niall's Girlfriend? Single
8%
On Ellen, what tattoo did Harry show off? 2 Birdies
4%
No matching quizzes found
Score Distribution
Percent of People with Each Score
Percentile by Number Answered
Your Score History
You have not taken this quiz